000 00345nam a2200145 i 4500
001 bg
100 1 _aHEISTEIN, Józef
245 0 _aHistoria literatury włoskiej /
_cJ. Heistein.
250 _aWyd.2 popr.i uzup.
260 _aWrocław,
_c1987.
040 _cBPK
041 _apol
942 _cKS
008 s pl f |000 0 pol
999 _c23605
_d23605
856 _uhttp://koha.tu.koszalin.pl/cgi-bin/koha/opac-detail.pl?biblionumber=23605
_yKatalog online BPK